书目信息 |
| 题名: |
民法规范适用新编
|
|
| 作者: | 李永军 主编 | |
| 分册: | ||
| 出版信息: | 北京 中国民主法制出版社 2017.05 |
|
| 页数: | 429页 | |
| 开本: | 24cm | |
| 丛书名: | ||
| 单 册: | ||
| 中图分类: | D923.05 | |
| 科图分类: | ||
| 主题词: | 民法--min fa--法律适用--中国 | |
| 电子资源: | ||
| ISBN: | 978-7-5162-1502-9 | |
| 000 | 00953nam0 2200253 450 | |
| 001 | CAL 0120172200700 | |
| 005 | 20170526141540.4 | |
| 010 | @a978-7-5162-1502-9@b@dCNY58.00 | |
| 100 | @a20170525d2017 em y0chiy50 ea | |
| 101 | 0 | @achi |
| 102 | @aCN@b110000 | |
| 105 | @ay z 000yy | |
| 106 | @ar | |
| 200 | 1 | @a民法规范适用新编@Amin fa gui fan shi yong xin bian@f李永军主编@g |
| 210 | @a北京@c中国民主法制出版社@d2017.05 | |
| 215 | @a429页@c@d24cm | |
| 314 | @a李永军, 民商法博士, 博士后, 中国政法大学教授等职。 | |
| 330 | @a本书全面收录了民法总则目前配套的法律规定和司法解释: 主要包括民法总则编、物权法编、债权法编、侵权责任法编、婚姻家庭继承编、涉外民事关系法律适用法编等。随着我国民法典制定出台的立法进程, 本书今后将不断修订与完善。 | |
| 606 | 0 | @a民法@Amin fa@x法律适用@y中国 |
| 690 | @aD923.05@v5 | |
| 701 | 0 | @a李永军@Ali yong jun@4主编 |
| 801 | 0 | @aCN@b人天书店@c20170525@g |
| 905 | @aBZT@dD923.05@e11 | |
| 906 | @dCNY58.00@n3@r1 | |
| 民法规范适用新编/李永军主编.-北京:中国民主法制出版社,2017.05 |
| 429页;24cm |
| ISBN 978-7-5162-1502-9:CNY58.00 |
| 本书全面收录了民法总则目前配套的法律规定和司法解释: 主要包括民法总则编、物权法编、债权法编、侵权责任法编、婚姻家庭继承编、涉外民事关系法律适用法编等。随着我国民法典制定出台的立法进程, 本书今后将不断修订与完善。 |
| ● |
| 相关链接 |
|
|
|
正题名:民法规范适用新编
索取号:D923.05/11
 
预约/预借
| 序号 | 登录号 | 条形码 | 馆藏地/架位号 | 状态 | 备注 |
| 1 | 839399 | 2000839399 | 第二书库/ [索取号:D923.05/11] | 在馆 | |
| 2 | 839400 | 2000839400 | 第二书库/ [索取号:D923.05/11] | 在馆 | |
| 3 | 839401 | 2000839401 | 第二书库/ [索取号:D923.05/11] | 在馆 |